Utwory Krzysztofa Kamila Baczyńskiego - nagła śmierć - Statystyki

Ogólne statystyki
  • Ten quiz został rozwiązany 132 razy
  • Średni wynik to 5 z 9
Answers on the Grid
Answers color-coded by a green-red scale on the quiz's grid according to % correct below.
„Elegia o… (chłopcu polskim)”
,,Z głową na karabinie"
,,Pokolenie"
,,Historia"
,,Mazowsze"
,,Dwie miłości"
,,Niebo złote ci otworzę"
,,Modlitwa do Bogurodzicy"
,,Deszcze"
,,Kamienie na szaniec"
,,Proces"
,,Hymn do miłości ojczyzny"
,,Chłopcy z Placu Broni"
,,Rozdziobią nas kruki, wrony"
,,Testament mój"
 
Statystyki odpowiedzi
Odpowiedź % Poprawnych
„Elegia o… (chłopcu polskim)”
77%
,,Z głową na karabinie"
64%
,,Pokolenie"
59%
,,Niebo złote ci otworzę"
57%
,,Dwie miłości"
48%
,,Mazowsze"
48%
,,Deszcze"
42%
,,Historia"
42%
,,Modlitwa do Bogurodzicy"
41%
Nie znaleziono quizów pasujących do podanych kryteriów
Rozkład punktacji
Procent ludzi z każdym wynikiem
Percentyl według liczby udzielonych odpowiedzi
Twoja historia wyników
Nie rozwiązałeś tego quizu